| 000 | 02019nam0a2200373 i 4500 | ||
|---|---|---|---|
| 001 | RU\NLR\BIBL_A\011174743 | ||
| 005 | 20240921150011.0 | ||
| 010 |
_a9785906777737 _9500 |
||
| 021 |
_aRU _b2016-50161 _93215 |
||
| 035 | _a(NILC)RuMoRGB-008527605 | ||
| 035 | _a(NLR Aleph) 011174743 | ||
| 090 |
_a11785404 _c11785404 |
||
| 100 | _a20160711d2016 km y0rusy50 ca | ||
| 101 | 0 | _arus | |
| 102 | _aRU | ||
| 105 | _ay|||z|||000yy | ||
| 200 | 1 |
_aКонцепция формирования познавательной компетентности у современных подростков в условиях интеграции общего и дополнительного образования _eмонография _fС. В. Рослякова _gМ-во образования и науки РФ, Федеральное гос. бюджетное образовательное учреждение высш. проф. образования "Челябинский гос. пед. ун-т" |
|
| 210 |
_aЧелябинск _cИзд-во ЧГПУ _d2016 |
||
| 215 |
_a340 с. _d21 |
||
| 320 | _aБиблиогр.: с. 316-340 (216 назв.) | ||
| 606 | 1 |
_aПодростки _xПознавательные интересы _xРазвитие _92141482 _3RU\NLR\AUTH\661595204 |
|
| 606 | 1 |
_aШколы _xСвязь с учреждениями дополнительного образования детей _92527188 _3RU\NLR\AUTH\661497135 |
|
| 610 | 0 | _aпознавательная компетентность школьников | |
| 610 | 0 | _aшкольное обучение | |
| 610 | 0 | _aдополнительное образование школьников | |
| 675 | _a373 | ||
| 686 | 1 | _aЧ421.352.19 | |
| 686 | 1 | _aЧ421.52 | |
| 700 | 1 |
_7ca _8rus _aРослякова _bС. В. _gСветлана Васильевна _9160447 _3RU\NLR\AUTH\770160489 |
|
| 801 | 0 |
_aRU _bРГБ _c20160624 _gRCR |
|
| 942 | _cBOOK | ||
| 980 | _aNBR | ||